Complete writings (Record no. 124047)
[ view plain ]
| 000 -LEADER | |
|---|---|
| fixed length control field | 02677nam a2200493 a 4500 |
| 082 04 - DEWEY DECIMAL CLASSIFICATION NUMBER | |
| Classification number | 211/.6/092 |
| -- | B |
| 100 1# - MAIN ENTRY--AUTHOR NAME | |
| Personal name | Nogarola, Isotta, |
| 245 10 - TITLE STATEMENT | |
| Title | Complete writings |
| 260 ## - PUBLICATION, DISTRIBUTION, ETC. (IMPRINT) | |
| Place of publication | Chicago : |
| Name of publisher | University of Chicago Press, |
| Year of publication | c2004. |
| 300 ## - PHYSICAL DESCRIPTION | |
| Number of Pages | xxi, 226 p. |
| 490 1# - SERIES STATEMENT | |
| Series statement | The other voice in early modern Europe |
| 505 0# - FORMATTED CONTENTS NOTE | |
| Formatted contents note | Kin, friends, and books (1434/37) -- Guarino's circle (1436/38) -- Venice and beyond (1438/39) -- Damiano (1438/41) -- The book-lined cell (1441/early 1450s) -- Ludovico (1451/66) -- The great gender debate (1451) -- The black swan : two orations for Ermolao Barbaro (1453) -- Pope Pius II and the Congress of Mantua (1459) -- The consolation for Marcello and the Friuli connection (1461) -- Appendix A : Concordance between Abel edition and the King/Robin translation -- Appendix B : A chronological list of sources cited by Isotta Nogarola. |
| 650 #0 - SUBJECT ADDED ENTRY--TOPICAL TERM | |
| Topical Term | Speeches, addresses, etc., Latin (Medieval and modern) |
| Topical Term | Women |
| Topical Term | Authors, Latin (Medieval and modern) |
| Topical Term | Humanists |
| Topical Term | Women |
| 700 1# - ADDED ENTRY--PERSONAL NAME | |
| Personal name | King, Margaret L., |
| Personal name | Robin, Diana Maury. |
| 856 40 - ELECTRONIC LOCATION AND ACCESS | |
| Uniform Resource Identifier | http://site.ebrary.com/lib/rucke/Doc?id=10209962 |
No items available.
